1105 1948 1234 1211 1968 1745 1877 1463 1322 1855 1875 1873 1394 1923 1977 1780 1512 1019 1475 1009 1876 1558 1637 1201 1681 1766 1992 1777 1709 1824 1773 1766 1332 1031 1015 1250 1797 1644 1828 1392 1902 1064 1796 1279 1540 1188 1707 1599 1740 1847 1672 1648 1904 1902 1137 1241 1452 1932 1147 1752 1315 1000 1895 1061 1229 1390 1003 1370 1330 1640 1566 1506 1187 1265 1650 1021 1958 1987 1621 1486 1955 1752 1915 1867 1394 1712 1388 1979 1655 1910 1261 1268 1954 1070 1302 1424 1433 1215 1297 BCNSPRNW ULIB Ver.6.0+V

เปลี่ยนเป็นภาษาไทย

Change to English
 แสดงรายละเอียดบรรณานุกรม
  กลับหน้าหลัก

Brief Record : Get Marc (ISO 2709) : E-mail record : QR code < ปิดหน้าต่าง
LEADER : 00000nam 2200000uu 4500
001    13399113477
003     ULIB
008    110627s2550||||th 000 0 tha d
020    9789747503470
090    นว.^bฌ111ค 2550
100 0  ฌามิวอาห์
245 00 คือคนนี้ที่หัวใจบอกรัก/^cฌามิวอาห์
250    พิมพ์ครั้งที่ 2
260    กรุงเทพฯ :^bแจ่มใส,^c2550
300    386 หน้า
710 1  แจ่มใส
945    ^p229^l0^i027185
995    ทศพร
999 ^a ใช้งานได้ทุกระบบ
รายการนี้ยังไม่มีแท็ก
คุณยังไม่ได้ล็อกอิน คุณสามารถมีกิจกรรมร่วมกับเว็บไซต์ได้ แต่ต้องล็อกอินก่อน ::
  ล็อกอิน

รายการสื่อสารสนเทศ

ลำดับที่ ประเภท เลขเรียก/บาร์โค้ด สถานที่ สถานะ
1. นวนิยาย
นวนิยาย
นว. ฌ111ค 2550 ฉ.1 
  Barcode: 027185
ห้องสมุดวิทยาเขตสวรรค์ประชารักษ์
►นวนิยาย
บนชั้น
  ขอยืม

รายการใกล้เคียง
    ผู้แต่ง [ฌามิวอาห์]

BibComment


ยังไม่เคยถูกคอมเมนท์

คอมเมนท์ทรัพยากรรายการนี้
  คอมเมนท์: คือคนนี้ที่หัวใจบ..


 Copyright 2026. Bcnsprnw @Library